| 000 | 00541nam a22001457a 4500 | ||
|---|---|---|---|
| 003 | MACL | ||
| 005 | 20200806120822.0 | ||
| 008 | 200806b xxu||||| |||| 00| 0 eng d | ||
| 040 | _cMACL | ||
| 100 |
_aखान,डॉ. मो. साजिद _979291 |
||
| 245 | _aराकेश चक्र की श्रेष्ठ किशोर कहानियॉं | ||
| 260 |
_aदिल्ली _bपंकज सिंह पब्लिकेशन _c2018 |
||
| 650 |
_aचिल्ड्रन बुक _9159 |
||
| 942 |
_2ddc _cHIN |
||
| 999 |
_c62864 _d62864 |
||